banner-ar

فضاءات شاينا المسرحية / (Record no. 9066)

MARC details
000 -الفاتح
حقل البيانات ثابتة الطول 00849nam a2200229Ia 4500
008 - عناصر البيانات ثابتة الطول - معلومات عامة
حقل البيانات ثابتة الطول 140319s9999 xx 000 0 ara d
020 ## - الرقم الدولى المعيارى للكتب
الرقم الدولى المعيارى للكتاب 9027437977
040 ## - مصدر الفهرسة
وكالة الفهرسة الأصلية GCL /
وكالة النسخ GCL
082 04 - رقم تصنيف ديوى العشرى
رقم التصنيف 792.09437
رقم المادة ت ف
100 1# - المدخل الرئيسى - إسم شخصى
الإسم الشخصى هناء عبدالفتاح
245 10 - بيان العنوان
العنوان فضاءات شاينا المسرحية /
بيان المسئوليه,etc هناء عبدالفتاح
700 1# - المدخل الاضافى - اسم شخصى
الإسم الشخصى تارانيينكو، زبيجنييف
700 1# - المدخل الاضافى - اسم شخصى
الإسم الشخصى دوروتا متولى
260 ## - PUBLICATION, DISTRIBUTION, ETC. (IMPRINT)
تاريخ النشر أو التوزيع 2006
300 ## - الوصف المادى
التعداد 371 ص ؛
أبعاد الوعاء 24 سم
650 04 - المدخل الاضافى بالموضوع-مصطلح موضوعى
مصطلح موضوعي المسرحيات البولندية المترجمة
650 04 - المدخل الاضافى بالموضوع-مصطلح موضوعى
مصطلح موضوعي يوزيف شاينا
650 04 - المدخل الاضافى بالموضوع-مصطلح موضوعى
مصطلح موضوعي المسرح - بولندا
650 04 - المدخل الاضافى بالموضوع-مصطلح موضوعى
مصطلح موضوعي المسرح - نقد - بولندا
942 ## - عناصر المدخل الإضافي( كوها)
مصدر التصنيف او مخطط الترفيف Dewey Decimal Classification
Koha [default] item type كتاب
260 ## - PUBLICATION, DISTRIBUTION, ETC. (IMPRINT)
-- القاهرة :
-- وزارة الثقافة - مهرجان القاهرة الدولى للمسرح التجريبى ،
Holdings
حالة التراجع حالة الفقد حالة تلف ليس للاعارة المكان المؤقت الموقع الحالى تاريخ الاكتساب اجمالي اﻻعارات رقم الطلب الباركود تاريخ اخر مشاهدة تاريخ تفعيل السعر نوع وعاء كوها
        مكتبة القاهرة الكبرى مكتبة القاهرة الكبرى 03/26/2014   792.09437\ت ف 18917 03/26/2014 03/26/2014 كتاب
        مكتبة القاهرة الكبرى مكتبة القاهرة الكبرى 03/26/2014   792.09437\ت ف 18918 03/26/2014 03/26/2014 كتاب

Powered By

EGPV